000 00260nam a22001217a 4500
008 181022b xxu||||| |||| 00| 0 eng d
041 _aeng
080 _a701
100 _a45
101 _aART
245 _aThe World of Matisse
_cRussell, J
942 _2udc
_cBK
999 _c50515
_d50515